MARC

Tag First Indicator Second Indicator Subfields
LEADER 00000cam a22000008a 4500
001 in00000011454
005 20151007052052.0
008 870616c19881986miu b 00000 eng
010 |a  87017864  
020 |a 087907048X 
035 |a (OCoLC)16130175 
035 |9 AAA6136AM 
040 |a DLC  |c DLC  |d TXA  |d UtOrBLW 
041 1 |a eng  |h lat 
049 |a TXAM  |c [A12606924] 
050 0 0 |a BR53  |b .S45 1987 
050 4 |a BR53  |b .S45 1988 
082 0 |a 242  |2 19 
245 0 0 |a Seven unpublished works /  |c Serlo of Savigny and Serlo of Wilton ; edited and translated by Lawrence C. Braceland. 
264 1 |a Kalamazoo, Mich. :  |b Cistercian Publications,  |c 1987 
264 4 |c ©1986 
300 |a xxvii, 105 pages 
336 |a text  |b txt  |2 rdacontent 
337 |a unmediated  |b n  |2 rdamedia 
338 |a volume  |b nc  |2 rdacarrier 
490 1 |a Cistercian Fathers series ;  |v no. 48 
504 |a Bibliography: pages xxiv-xxvii. 
505 0 |a Peter and Paul, two olive trees ; Commandments and plagues ; A prelate, the fruit of an olive tree / Serlo of Savigny -- For the just, all's well ; For and against the Lord ; The great supper ; The Lord's prayer / Serlo of Wilton. 
650 0 |a Christian literature, English  |x Translations from Latin. 
650 0 |a Christian literature, Latin (Medieval and modern)  |v Translations into English. 
700 0 |a Serlo,  |c Abbot of Savigny,  |d -1158. 
700 0 |a Serlo,  |c of Wilton,  |d approximately 1110-1181. 
700 1 |a Braceland, Lawrence C. 
830 0 |a Cistercian Fathers series ;  |v no. 48. 
999 |a MARS 
999 f f |s bb3ae2c6-75f4-310e-a77e-c73ae9e9c743  |i 218c76bd-45e3-379b-898f-7763529cb84f  |t 0 
952 f f |p ric  |a Texas A&M University  |b Rellis Campus  |c Joint Library Facility  |d Remote Storage  |t 0  |e BR53 .S45 1988  |h Library of Congress classification  |i unmediated -- volume  |m A14812606924 
998 f f |a BR53 .S45 1988  |t 0  |l Remote Storage